Platero y yo
I tiakina i:
| Ngā kaituhi matua: | , |
|---|---|
| Hōputu: | Pukapuka |
| Reo: | Pāniora |
| I whakaputaina: |
Madrid
Cátedra
1983
|
| Rangatū: | Colección Letras Hispánicas, 90
|
| Ngā marau: | |
| Ngā Tūtohu: |
Tāpirihia he Tūtohu
Kāore He Tūtohu, Me noho koe te mea tuatahi ki te tūtohu i tēnei pūkete!
|
MARC
| LEADER | 00000nam a2200000 a 4500 | ||
|---|---|---|---|
| 001 | UCW5436 | ||
| 003 | CL-VaPUC | ||
| 008 | 910418e19830000SP |||||||||||||||||spa|d | ||
| 082 | 0 | 4 | |a 861 |b JIM |2 21 |
| 100 | |a Jiménez, Juan Ramón |e author |9 330181 | ||
| 700 | 0 | |a Predmore, Michael P |e author |9 310423 | |
| 245 | 1 | 0 | |a Platero y yo |
| 300 | |a 261 p | ||
| 942 | |c BK | ||
| 945 | |d 19910418 00:00:00 | ||
| 260 | |a Madrid |b Cátedra |c 1983 | ||
| 650 | 7 | |a PROSA POETICA ESPAÑOLA |2 CL-VaPUC |9 309004 | |
| 583 | |a last modification |c 19910418 00:00:00 |k Rodrigo Vera | ||
| 490 | 0 | |a Colección Letras Hispánicas, 90 | |
| 999 | |c 218877 |d 218875 | ||
| 952 | |0 0 |1 0 |4 0 |6 861_000000000000000_JIM_1983 |7 0 |8 A |9 209124 |a BIBEDU |b BIBEDU |d 2019-11-15 |i 2769255 |o 861 JIM 1983 |p 2769255 |r 2019-11-15 |w 2019-11-15 |y BK |k EDU | ||